| 000 | 00883nam a22002657a 4500 | ||
|---|---|---|---|
| 005 | 20170123162343.0 | ||
| 010 | _aB-029330 | ||
| 020 | _c150.00 | ||
| 035 | _aB-029330 | ||
| 037 | _bCen Lib/Ret | ||
| 040 |
_aDPL _bUR |
||
| 082 |
_a921 _bا ب و |
||
| 100 |
_a ابل حسن علی ندوی _9129379 |
||
| 245 |
_aمیری تمام سرگزشت / _c ابل حسن علی ندوی |
||
| 246 |
_aMeri tamaam sarguzasht / _bby Abul Hasan Ali Nadvi |
||
| 260 |
_aنیی دہلی _bمحمّد نسیم _c2000 |
||
| 270 |
_a٢٥٤٥، تارہا م خاں _bنیی دہلی _e110002 |
||
| 300 |
_a191p. _c21cm(Hb) |
||
| 500 | _aکتابیات | ||
| 650 |
_aادب -- ہندی _9129380 |
||
| 650 |
_a ادبی تنقید _9129381 |
||
| 650 |
_aLiterature -- Hindi _983958 |
||
| 650 |
_aliterary criticism _923292 |
||
| 942 |
_2ddc _cUR _h921 _mا ب و |
||
| 999 |
_c108640 _d108640 |
||